书目信息 |
| 题名: |
英汉人物.地名.事件词典
|
|
| 作者: | 勒平妥 主编 | |
| 分册: | ||
| 出版信息: | 北京 外育教学与研究出版社 1991.5 |
|
| 页数: | 953页 | |
| 开本: | 20cm | |
| 丛书名: | ||
| 单 册: | ||
| 中图分类: | K-61 | |
| 科图分类: | ||
| 主题词: | 历史 , 地理 | |
| 电子资源: | ||
| ISBN: | 7-5600-0614-0 | |
| 000 | 00605nam0 2200205 45 | |
| 001 | 0312221749 | |
| 005 | 20031222171048.7 | |
| 010 | @a7-5600-0614-0@dCNY14.50 | |
| 100 | @a20031222d1991 km y0chiy0120 ea | |
| 101 | @achi | |
| 105 | @a z 000yy | |
| 200 | 1 | @a英汉人物.地名.事件词典@AYing Han Ren Wu.Di Ming.Shi Jian Ci Dian@f勒平妥主编@FLe Ping Tuo Zhu Bian |
| 210 | @a北京@c外育教学与研究出版社@d1991.5 | |
| 215 | @a953页@d20cm | |
| 606 | 0 | @a历史 |
| 606 | 0 | @a地理 |
| 690 | @aK-61@v3 | |
| 701 | 0 | @a勒平妥@4主编 |
| 801 | @aCN@bTSTCL@c20031222 | |
| 905 | @a213230@dK-61@e28@b250939-943@f5@b280290@f1 | |
| 英汉人物.地名.事件词典/勒平妥主编.-北京:外育教学与研究出版社,1991.5 |
| 953页;20cm |
| ISBN 7-5600-0614-0:CNY14.50 |
| ● |
| 相关链接 |
|
|
|
|
正题名:英汉人物·地名·事件词典
索取号:K-61/28
 
预约/预借
| 序号 | 登录号 | 条形码 | 馆藏地/架位号 | 状态 | 备注 |
| 1 | 0250939 | 000696296 | 工具书阅览室/ [索取号:K-61/28] | 在馆 | |
| 2 | 0250940 | 000696278 | 密集书库/ [索取号:K-61/28] | 在馆 | |
| 3 | 0250941 | 000696287 | 密集书库/ [索取号:K-61/28] | 在馆 | |
| 4 | 0250942 | 000696250 | 密集书库/ [索取号:K-61/28] | 在馆 | |
| 5 | 0250943 | 000696269 | 第二样本阅览室/ [索取号:K-61/28] | 在馆 | |
| 6 | 0280290 | 002802907 | 密集书库/ [索取号:K-61/28] | 在馆 |